Carregant...

Rural development in India: Some facets

Dades bibliogràfiques
Autor principal: S K Rau
Format: Printed Book
Idioma:Undetermined
Publicat: Hyderabad 1979
National Institute of rural Development
Matèries:
LEADER 00619nam a2200217Ia 4500
008 141122s9999 xx 000 0 und d
040 |c . 
041 |a English 
082 |a 307.1412 
082 |b RAU/RV 
100 |a S K Rau 
245 |a Rural development in India: Some facets 
245 |c S K Rau 
260 |b Hyderabad 
260 |b National Institute of rural Development 
260 |c 1979 
300 |a 560 Pages 
650 |a Extension 
942 |c BK 
999 |c 17836  |d 17836 
952 |0 0  |1 0  |4 0  |6 307_141200000000000_RAURV  |7 0  |9 17514  |a COVAS  |b COVAS  |d 0000-00-00  |o 307.1412 RAU/RV  |p 10322  |r 2014-11-26  |w 2014-11-26  |y BK